A munka iránti elhivatottság és a kiégés vizsgálata egy szolgáltató központ HR munkavállalói körében

Bibliográfiai részletek
Szerző: Zsíros Barbara
További közreműködők: Szászvári Dr. Karina Ágnes
Dokumentumtípus: Diplomadolgozat
Kulcsszavak:kiégés
elhivatottság
HR
Online Access:http://dolgozattar.uni-bge.hu/15850

MARC

LEADER 00000nta a2200000 i 4500
001 dolg15850
005 20180508125802.0
008 180508suuuu hu om 000 hun d
040 |a BGE Dolgozattár Repozitórium  |b hun 
041 |a hu 
100 1 |a Zsíros Barbara 
245 1 2 |a A munka iránti elhivatottság és a kiégés vizsgálata egy szolgáltató központ HR munkavállalói körében  |c Zsíros Barbara  |h [elektronikus dokumentum] 
695 |a kiégés 
695 |a elhivatottság 
695 |a HR 
700 1 |a Szászvári Dr. Karina Ágnes  |e ths 
856 4 0 |u http://dolgozattar.uni-bge.hu/15850/1/Szakdolgozat_180505.pdf  |z Dokumentum-elérés 
856 4 0 |u http://dolgozattar.uni-bge.hu/15850/2/Titkos%C3%ADt%C3%A1si%20k%C3%A9relem.pdf  |z Dokumentum-elérés 
856 4 0 |u http://dolgozattar.uni-bge.hu/15850/3/Nyilatkozat_SCAN.pdf  |z Dokumentum-elérés